000
00313nam a2200145Ia 4500
100
_a
Scheid/Francis
250
_a
2
490
_v
I
942
_c
BK
654
_a
Machines
245
_a
Electrical machines and instruments
260
_b
Tech Publication
_c
2003
082
_a
621.31042
_b
BAK
546
_a
ENGLISH
999
_c
21130
_d
21130